| Tag |
First Indicator |
Second Indicator |
Subfields |
| LEADER |
00000cam a2200000Mi 4500 |
| 001 |
in00003743113 |
| 006 |
m o d |
| 007 |
cr cnu|||unuuu |
| 008 |
160831s2016 nyua ob 001 0 eng d |
| 005 |
20250816205022.2 |
| 020 |
|
|
|a 9781137554659
|q electronic book
|
| 020 |
|
|
|a 1137554657
|q electronic book
|
| 020 |
|
|
|z 9781137554642
|
| 020 |
|
|
|z 1137554649
|
| 035 |
|
|
|a (OCoLC)ocn961825040
|
| 035 |
|
|
|a (OCoLC)961825040
|
| 040 |
|
|
|a YDX
|b eng
|e rda
|e pn
|c YDX
|d UtOrBLW
|
| 043 |
|
|
|a a-cc---
|
| 049 |
|
|
|a TXAM
|
| 050 |
|
4 |
|a HQ1767
|b .Z86 2016eb
|
| 072 |
|
7 |
|a SOC
|x 031000
|2 bisacsh
|
| 072 |
|
7 |
|a SOC
|x 020000
|2 bisacsh
|
| 082 |
0 |
4 |
|a 305.40951
|2 23
|
| 100 |
1 |
|
|a Zuo, Jiping,
|e author.
|0 http://id.loc.gov/authorities/names/n2010052498
|
| 245 |
1 |
0 |
|a Work and family in urban China :
|b women's changing experience since Mao /
|c Jiping Zuo.
|
| 264 |
|
1 |
|a New York :
|b Palgrave Macmillan,
|c [2016]
|
| 300 |
|
|
|a 1 online resource (223 pages) :
|b illustrations.
|
| 336 |
|
|
|a text
|b txt
|2 rdacontent
|
| 337 |
|
|
|a computer
|b c
|2 rdamedia
|
| 338 |
|
|
|a online resource
|b cr
|2 rdacarrier
|
| 490 |
1 |
|
|a Politics and development of contemporary China
|
| 504 |
|
|
|a Includes bibliographical references and index.
|
| 520 |
8 |
|
|a This book examines a three-way interaction among market, state, and family in China's recent market reform. It depicts transformations in urban women's experiences with both paid and non-paid domestic work. The book challenges China's free-market approach and demonstrates its negative impacts on women's work and family experiences by revealing labor commodification processes and work-to-family conflicts as the state abandons its commitment to public welfare. Using interview data collected from 165 women of three different cohorts in urban China during the 2000-2008 period, this study uncovers the revival of traditional gendered family roles among urban women and men as one of their strategies to resist market brutality and their struggles to balance work and family demands. The book also explores urban women's non-market definitions of marital equality, and highlights theoretical and policy implications concerning market efficiency, marital equality, and the state's role in protecting public good.
|
| 505 |
0 |
|
|a Dedication; Acknowledgments; Contents; List of Abbreviations and Acronyms ; List of Figures ; List of Tables ; Chapter 1: Introduction; A Puzzle: Women's Growing Domestic-Role Orientation in Urban China; What Has Happened and What to Study?; Labor Denigration, Alienation, and Resistance in Market Societies; Home as a Site of Resistance; Work-Family Conflict and the Persistence of Women's Domestic Role in Market Societies; Organization of the Book; References; Part I: State-Socialist Era (1949-The 1980s); Chapter 2: Equalizing Gender and Class
|
| 505 |
8 |
|
|a Transforming Patriarchal Families for Socialist Projects Implementing New State-Oriented Marriage Laws; Sending Women into the Labor Force in the Nationalized Economy; "The Dual Policy of Diligence and Frugality" (liang qin fang zhen)-Extending State Policy to the Home Front; Expanding the State's Role in Urban Family Well-ƯBeing and Control; Providing a Safety Net and Labor Insurance; Ensuring Family Economic Well-Being; Health Insurance; Housing Benefits; Protection and Benefits for Women Workers; Education; The Culture of Obligation and the Example set by the CPC; References
|
| 505 |
8 |
|
|a Chapter 3: Socialist Workers, National Heroines"We Are the Masters of the Country": A Sense of Collective Ownership and Belonging; "We Also Have Two Hands and Should Not Stay Home to Eat Unearned Food": An Equal-ƯObligation Ideology; The CPC Exemplification and Obligation Equality; References; Chapter 4: Women's Triple Burden; References; Part II: Market-Reform Era (The 1990s-Present); Chapter 5: Labor Denigration and Work-Family Conflict; State-Family Disaggregation; Implementing Individual-Oriented New Marriage Laws
|
| 505 |
8 |
|
|a From Family Welfare Provider to Market Facilitator: The Changing Role of the StateLabor Denigration; Dispensable Labor; Market-Based Income Distribution; Women's Loss of Broader Social Roles; Work-Family Conflict; Working Hours; Paid Leave and Holiday Pay; References; Chapter 6: Women's Domestic-Role Orientation; Labor Denigration and Women's Domestic-Role Orientation; Perceived Redistributive Injustice of the Workplace and the Rewards of Domestic Work; Home as a Refuge from the Vicious Competition of the Workplace
|
| 505 |
8 |
|
|a The Impact of Adversarial Family Relations on Women's Domestic-Role OrientationReferences; Chapter 7: Diverse Roles, A Common Dilemma; Heightened Work-Family Conflict in the Market Transition Era; Stay-at-Home Moms' Ambivalent Feelings; Family-Oriented Working Women's Dilemma; Career-Oriented Women: A Resourceful Group; References; Chapter 8: A Different Marital Equality; "Domestic Work Is an Unpaid Contribution to the Family"; Intrinsic Benefits of Domestic Work for Women; Housework as an Expression of Care and Love; "Raising a Filial Child"-Some Women's Expectations
|
| 588 |
|
|
|a Description based on online resource; title from digital title page (viewed on October 25, 2016).
|
| 650 |
|
0 |
|a Married women
|x Family relationships
|z China.
|
| 650 |
|
0 |
|a Married women
|x Employment
|z China.
|
| 650 |
|
7 |
|a SOCIAL SCIENCE / Discrimination & Race Relations.
|2 bisacsh
|
| 650 |
|
7 |
|a SOCIAL SCIENCE / Minority Studies.
|2 bisacsh
|
| 655 |
|
7 |
|a Electronic books.
|2 local
|
| 776 |
0 |
8 |
|c Original
|z 1137554649
|z 9781137554642
|w (OCoLC)945979458
|
| 830 |
|
0 |
|a Politics and development of contemporary China series.
|0 http://id.loc.gov/authorities/names/no2014076997
|
| 856 |
4 |
0 |
|u https://ebookcentral.proquest.com/lib/tamucs/detail.action?docID=4716310
|y Connect to the full text of this electronic book
|t 0
|
| 948 |
|
|
|a cataloged
|b h
|c 2016/11/8
|d c
|e jlanham
|f 10:42:59 am
|
| 994 |
|
|
|a C0
|b TXA
|
| 999 |
f |
f |
|s 7fbbfaca-40dc-305b-bf7a-e84daf81b1ae
|i 27c07b31-c541-32d5-8c58-7b827f474874
|t 0
|
| 952 |
f |
f |
|a Texas A&M University
|b College Station
|c Electronic Resources
|d Available Online
|t 0
|e HQ1767 .Z86 2016eb
|h Library of Congress classification
|
| 998 |
f |
f |
|a HQ1767 .Z86 2016eb
|t 0
|l Available Online
|